| 000 | 00585nam a22002297a 4500 | ||
|---|---|---|---|
| 003 | OSt | ||
| 005 | 20140310182833.0 | ||
| 008 | 130604t xxu||||| |||| 00| 0 eng d | ||
| 020 | _a0675095751 | ||
| 050 |
_aQA 531 _b.L693 1997 |
||
| 082 |
_aM 516.24 _bL61 1997 |
||
| 245 |
_aTrigonometry / _cLial, Margaret |
||
| 250 | _a6th ed. | ||
| 260 |
_aMassachusetts : _bAddsion - Wesley, _c1997 |
||
| 300 |
_axxiv, 422 p.: _bill. ; _c24 cm. |
||
| 521 | _acollege students | ||
| 526 | _c1210L-1700L | ||
| 541 | _j1 | ||
| 541 | _j2 | ||
| 562 | _e2 | ||
| 942 |
_2lcc _cBK _kM |
||
| 999 |
_c16689 _d16689 |
||